| 000 | 01099nam a2200337Ia 4500 | ||
|---|---|---|---|
| 001 | dia_2221 | ||
| 003 | CHAP | ||
| 005 | 20230329132801.0 | ||
| 008 | 220117s1986 xx 000 0 und d | ||
| 010 | _a172740 | ||
| 020 | _a84-200-0571-1 | ||
| 040 | _cCHAP | ||
| 082 | _a641.1028 O83 1986 | ||
| 100 |
_aOsborne, D. R. _984169 |
||
| 245 |
_aAnálisis de los nutrientes de los alimentos / _c D. R. Osborne y P. Voogt ; traducción Andrés Marcos Barrado |
||
| 260 |
_aEspaña : _b Acribia, _c1986 |
||
| 300 | _axiii, 258 p. | ||
| 500 | _aTítulo original: The analysis of nutrients in foods | ||
| 503 | _aI. 145615 (ej.1) \ C/e (ej.2) | ||
| 504 | _aIncluye bibliografías | ||
| 590 | _aTX545 O83 1986 | ||
| 650 |
_aAlimentos _xAnálisis _94164 |
||
| 650 |
_aAlimentos _xContenido de nutrientes _9152414 |
||
| 650 |
_aFood _xAnalysis _9147009 |
||
| 650 |
_aFood _xNutrient content _9152415 |
||
| 700 |
_aVoogt, P., coaut. _9152416 |
||
| 901 | _a641.1028 O83 1986 | ||
| 902 | _aM | ||
| 905 | _a5232271986 sp ain 8222223322spa16 | ||
| 942 |
_cLIBRO _2ddc |
||
| 999 |
_c172740 _d172740 |
||